000 00666nam#a2200217#c#4500
003 IEF
005 20180219162911.0
008 941205suuuu uuu####fr####| 0||u| |u
040 _aIEF
100 1 _aFernández Caínzos, Juan Jesús
_915338
245 _aLa Hacienda Pública y la acumulación de capital en España (1939-1959)
260 _aSantiago de Compostela
_b Universidad
300 _a754 f.
_c27 cm.
500 _aTesis - Universidad de Santiago de Compostela. -- Indices y apéndice estadístico
650 4 _aHACIENDA PUBLICA
_950201
650 4 _aESPAÑA
_941092
650 4 _aSIGLO XX
_948420
942 _cLIB
942 _z31000
999 _c76884
_d76884